Welcome to CU Library Online Public Access Catalogue (OPAC)

Performance management; (Record no. 4356)

MARC details
000 -LEADER
fixed length control field 00480nam a22001577a 4500
005 - DATE AND TIME OF LATEST TRANSACTION
control field 20250225171229.0
008 - FIXED-LENGTH DATA ELEMENTS--GENERAL INFORMATION
fixed length control field 250225b |||||||| |||| 00| 0 eng d
020 ## - INTERNATIONAL STANDARD BOOK NUMBER
International Standard Book Number 9780470449981
050 ## - LIBRARY OF CONGRESS CALL NUMBER
Classification number HF5549
Item number .5.P35C65 COK
100 ## - MAIN ENTRY--PERSONAL NAME
Personal name Cokins, Gary
245 ## - TITLE STATEMENT
Title Performance management;
Remainder of title integrating strategy execution, methodologies, risk, and analytics
260 ## - PUBLICATION, DISTRIBUTION, ETC.
Place of publication, distribution, etc. New Jersey
Name of publisher, distributor, etc. John Wiley and Sons
Date of publication, distribution, etc. c2009
300 ## - PHYSICAL DESCRIPTION
Extent xxxi, 240p
500 ## - GENERAL NOTE
General note includes index
942 ## - ADDED ENTRY ELEMENTS (KOHA)
Source of classification or shelving scheme Library of Congress Classification
Koha item type Books
Suppress in OPAC No
999 ## -
-- 4356
-- 4356
Holdings
Withdrawn status Lost status Source of classification or shelving scheme Damaged status Not for loan Collection Home library Current library Shelving location Date acquired Total checkouts Full call number Barcode Date last seen Copy number Price effective from Koha item type
    Library of Congress Classification     Non-fiction Undergraduate Library (Christ Temple) Undergraduate Library (Christ Temple) General stacks 02/25/2025   HF5549.5.P35C85 COK ulct00001388 02/25/2025 1 02/25/2025 Books
    Library of Congress Classification     Non-fiction Undergraduate Library (Christ Temple) Undergraduate Library (Christ Temple) General stacks 02/25/2025   HF5549.5.P35C85 COK ulct00001389 02/25/2025 2 02/25/2025 Books
    Library of Congress Classification     Non-fiction Undergraduate Library (Christ Temple) Undergraduate Library (Christ Temple) General stacks 02/26/2025   HF5549.5.P35C85 COK ulct00001416 02/26/2025 1 02/26/2025 Books
© 2023-2024 Copyright: Central University Libraries. All Rights Reserved | Created by: Mahone Tech Office